How we breathe / (Record no. 14398)

MARC details
000 -LEADER
fixed length control field 01067nam a22002537a 4500
005 - DATE AND TIME OF LATEST TRANSACTION
control field 2008071004264.0
008 - FIXED-LENGTH DATA ELEMENTS--GENERAL INFORMATION
fixed length control field 040220s2004 mnu 000 0 eng
010 ## - LCCN (DPL NO)
LC control number B-269951-952
020 ## - INTERNATIONAL STANDARD BOOK NUMBER
International Standard Book Number 0749674377
Terms of availability 6875.00 (set)
035 ## - SYSTEM CONTROL NUMBER
System control number B-269951-952
037 ## - SOURCE OF ACQUISITION
Source of stock number/acquisition Grolier International (P) Ltd.
040 ## - CATALOGING SOURCE
Original cataloging agency DPL
Language of cataloging EN
082 ## - DEWEY DECIMAL CLASSIFICATION NUMBER
Classification number 612.2 / WAL
100 ## - MAIN ENTRY--PERSONAL NAME
Personal name Walker, Richard
245 ## - TITLE STATEMENT
Title How we breathe /
Statement of responsibility, etc Richard Walker
260 ## - PUBLICATION, DISTRIBUTION, ETC. (IMPRINT)
Place of publication, distribution, etc New Delhi
Name of publisher, distributor, etc Grolier International (P) LTD.
Date of publication, distribution, etc 2007
300 ## - PHYSICAL DESCRIPTION
Extent 32p.:
Dimensions 28cm. (Hb)
Other physical details col. ill.
490 ## - SERIES STATEMENT
Series statement Body science
500 ## - GENERAL NOTE
General note This series has 8 vols.
942 ## - ADDED ENTRY ELEMENTS (KOHA)
Source of classification or shelving scheme Dewey Decimal Classification
Item type Children Books
Classification part 612.2 / WAL
Holdings
Withdrawn status Lost status Damaged status Not for loan Collection code Home library Current library Date acquired Source of acquisition Cost, normal purchase price Total Checkouts Full call number Barcode Date last seen Copy number Cost, replacement price Koha item type
      Not For Loan Non-fiction Central Library Central Library 10/07/2008   6875.00   612.2 / WAL B-269951 15/09/2008 1 6875.00 Children Books
      Not For Loan Non-fiction Sarojini Nagar Sarojini Nagar 10/07/2008 Grolier International (P) Ltd. / 27.5.08 / 12 / 8.4.08 / 5.6.08 6875.00   612.2 / WAL B-269952 15/09/2008 1 6875.00 Children Books

© Delhi Public Library
Hit Counter
free hit counter